000 00341nam a22001457a 4500
003 OSt
005 20231025051922.0
008 231025b |||||||| |||| 00| 0 eng d
040 _cIIMT UNIVERSITY
100 _aYOGANAND, PARAMHANS
245 _aYOGI KATHAMRIT
260 _aGORAKHPUR
_bGEETA PRESS
_c1991
300 _a730
942 _2ddc
_c09
999 _c57503
_d57503